000 00386nam a2200097Ia 4500
008 180130s9999 xx 000 0 und d
245 _cKaser-Boyd, Nancy
_aThreat assessment in homicide/suicide: the duty to warn
260 _c2015
300 _aBook title: Forensic psychological assessment in practice : case studies--Acession number C20214; pages 186-213
650 _aFORENSIC PSYCHIATRY
999 _c353874
_d353874